Investície v ťažkých časoch - do budúcnosti

Slovnaft ako technologický líder regiónu. Rozsiahle investičné projekty Slovnaftu. Strategické investície nielen do plastov.

Guardado en:
Detalles Bibliográficos
Autor principal: Kukučková, Hana
Formato: Capítulo de libro
Lenguaje:eslovaco
Materias:
Etiquetas: Agregar Etiqueta
Sin Etiquetas, Sea el primero en etiquetar este registro!

MARC

LEADER 00000naa a2200000 4500
001 0146435
005 20120116134559.2
041 0 |a slo 
044 |a CZ 
245 1 0 |a Investície v ťažkých časoch - do budúcnosti  |c Hana Kukučková 
520 |a Slovnaft ako technologický líder regiónu. Rozsiahle investičné projekty Slovnaftu. Strategické investície nielen do plastov. 
610 2 0 |a investície 
610 2 0 |a palivá 
610 2 0 |a stratégia podnikateľská 
610 2 0 |a Slovnaft, a.s. Bratislava 
100 1 |a Kukučková, Hana